Dopasuj imię do nazwiska - polscy bokserzy - Statystyki

Ogólne statystyki
  • Ten quiz został rozwiązany 44 razy
  • Średni wynik to 10 z 20
Statystyki odpowiedzi
Hint Odpowiedź % Poprawnych
Tomasz Adamek
83%
Andrzej Gołota
79%
Dariusz Michalczewski
79%
Artur Szpilka
79%
Jerzy Kulej
69%
Albert Sosnowski
62%
Krzysztof Włodarczyk
62%
Dawid Kostecki
59%
Mariusz Wach
55%
Wojciech Bartnik
45%
Leszek Drogosz
45%
Paweł Skrzecz
45%
Zbigniew Pietrzykowski
41%
Marian Kasprzyk
38%
Adam Kownacki
38%
Kazimierz Paździor
38%
Zygmunt Chychła
28%
Henryk Średnicki
28%
Józef Grudzień
24%
Jan Szczepański
14%
Nie znaleziono quizów pasujących do podanych kryteriów
Rozkład punktacji
Procent ludzi z każdym wynikiem
Percentyl według liczby udzielonych odpowiedzi
Twoja historia wyników
Nie rozwiązałeś tego quizu